US States in Two Time Zones - Statistics

General Stats
  • This quiz has been taken 41 times
  • The average score is 10 of 14
Answer Stats
Answer % Correct
Alaska
92%
Texas
92%
Michigan
78%
Tennessee
78%
Arizona
76%
Indiana
76%
Idaho
73%
Nebraska
73%
Florida
70%
Kansas
70%
Kentucky
70%
Oregon
68%
South Dakota
68%
Nevada
62%
No matching quizzes found
Score Distribution
Percent of People with Each Score
Percentile by Number Answered
Your Score History
You have not taken this quiz